Welcome to CU Library Online Public Access Catalogue (OPAC)

Exploring Psychology in Modules/ (Record no. 3873)

MARC details
000 -LEADER
fixed length control field 00491nam a22001697a 4500
005 - DATE AND TIME OF LATEST TRANSACTION
control field 20250214162402.0
008 - FIXED-LENGTH DATA ELEMENTS--GENERAL INFORMATION
fixed length control field 250214b |||||||| |||| 00| 0 eng d
020 ## - INTERNATIONAL STANDARD BOOK NUMBER
International Standard Book Number 9780716755494
050 ## - LIBRARY OF CONGRESS CALL NUMBER
Classification number BF121
Item number .M935 MYE
100 ## - MAIN ENTRY--PERSONAL NAME
Personal name Myers David G.
245 ## - TITLE STATEMENT
Title Exploring Psychology in Modules/
Statement of responsibility, etc. David G. Myers
250 ## - EDITION STATEMENT
Edition statement 5th Ed.
260 ## - PUBLICATION, DISTRIBUTION, ETC.
Place of publication, distribution, etc. New York
Name of publisher, distributor, etc. Worth Publishers
Date of publication, distribution, etc. 2003
300 ## - PHYSICAL DESCRIPTION
Extent xxiii. (various pagings).
Other physical details ill. col.
Dimensions 28 cm
650 ## - SUBJECT ADDED ENTRY--TOPICAL TERM
Source of heading or term Psychology
942 ## - ADDED ENTRY ELEMENTS (KOHA)
Source of classification or shelving scheme Library of Congress Classification
Koha item type Books
Edition 5th Ed.
Suppress in OPAC No
999 ## -
-- 3873
-- 3873
Holdings
Withdrawn status Lost status Source of classification or shelving scheme Damaged status Not for loan Collection Home library Current library Shelving location Date acquired Total checkouts Full call number Barcode Date last seen Copy number Price effective from Koha item type
    Library of Congress Classification     Non-fiction Business Library (Miotso) Business Library (Miotso) General stacks 02/14/2025   BF121 .M935 MYE BSSM00000803 02/14/2025 1 02/14/2025 Books
© 2023-2024 Copyright: Central University Libraries. All Rights Reserved | Created by: Mahone Tech Office